Štúdium rôznych kombinácií predúpravy vzorky s jedno- a viacrozmernými chromatografickými technikami v analýze potravín

Na minha lista:
Detalhes bibliográficos
Autor principal: Janáčová, Antónia
Formato: Livro
Idioma:eslovaco
Publicado em: Bratislava STU FCHPT 2009
Acesso em linha:View in OPAC
Tags: Adicionar Tag
Sem tags, seja o primeiro a adicionar uma tag!

MARC

LEADER 00000nam a2200000 a 4500
005 20260127133930.0
008 110201 2009 xo 000 0 slo d
035 |a vtls010207945 
039 9 |y 201102011117  |z mschk03 
040 |a STUSCHK1  |b slo  |c STUSCHK1  |e AACR2 
100 1 |a Janáčová, Antónia 
245 1 |a Štúdium rôznych kombinácií predúpravy vzorky s jedno- a viacrozmernými chromatografickými technikami v analýze potravín  |c Antónia Janáčová 
260 |a Bratislava  |b STU FCHPT  |c 2009 
300 |a 46 s.  |b il.  |c 30 cm + príloha 
500 |a Dizertačná práca 
500 |a Obháj.: 28.9. 2009 
500 |a Fakulta chemickej a potravinárskej technológie, Ústav analytickej chémie 
910 |a SCHK95 
999 |c 307  |d 307